000 00634cab a22001935a 4500
001 L157810
008 130529e20130504xxk 000 0 eng d
035 _a(Sirsi) u157810
041 0 _aeng
100 1 _aSmall, Jonathan
245 0 0 _aFracking Liability
260 _c2013
490 _aEstates Gazette
_v(1318) 4 May 2013, 92-94(3)
520 _aConsiders the issues relating to the commercial exploitation of shale gas in the UK. Explains the ownership and access to the gas and compulsory purchase and contamination issues.
590 _aKA
651 4 _aUnited Kingdom
690 _aMinerals and waste
_96257
942 _n0
999 _c84467
_d84467